| 000 | 01684pam a2200361 a 4500 | ||
|---|---|---|---|
| 001 | 4223523 | ||
| 003 | ARRUPE | ||
| 005 | 20150414120054.0 | ||
| 008 | 030603s2003 inu b 001 0 eng | ||
| 010 | _a 2003012366 | ||
| 015 | _aGBA3-U4884 | ||
| 020 | _a0268038791 (alk. paper) | ||
| 020 | _a0268038805 (pbk. : alk. paper) | ||
| 035 | _a(OCoLC)ocm52424035 | ||
| 035 | _a(NNC)4223523 | ||
| 040 |
_aDLC _cDLC _dYDX _dUKM _dNNC _dOrLoB-B |
||
| 043 |
_ae-uk-en _ae-uk--- |
||
| 050 | 0 | 0 |
_aPR468.C3 _bK47 2003 |
| 082 | 0 | 0 |
_a820.9/9222 _221 |
| 100 | 1 |
_aKer, I. T. _q(Ian Turnbull) _98021 |
|
| 245 | 1 | 4 |
_aThe Catholic revival in English literature, 1845-1961 : _bNewman, Hopkins, Belloc, Chesterton, Greene, Waugh / _cIan Ker. |
| 260 |
_aNotre Dame, Ind. : _bUniversity of Notre Dame Press, _cc2003. |
||
| 300 |
_aix, 231 p. ; _c24 cm. |
||
| 504 | _aIncludes bibliographical references (p. 207-223) and index. | ||
| 505 | 0 | 0 |
_gCh. 1. _tJohn Henry Newman's Discovery of Catholicism -- _gCh. 2. _tFrom Oxford to Liverpool: The Conversion and Poetry of Gerard Manley Hopkins -- _gCh. 3. _tHilaire Belloc and the Catholic "Thing" -- _gCh. 4. _tThe Dickensian Catholicism of G. K. Chesterton -- _gCh. 5. _tThe Catholicism of Greeneland -- _gCh. 6. _tEvelyn Waugh: The Priest as Craftsman. |
| 610 | 2 | 0 |
_aCatholic Church _xIn literature. _916114 |
| 650 | 0 |
_aEnglish literature _xCatholic authors _xHistory and criticism. _916115 |
|
| 650 | 0 |
_aChristianity and literature _zEngland _xHistory _y19th century. _916116 |
|
| 650 | 0 |
_aCatholics _zEngland _xHistory _y19th century. _916117 |
|
| 650 | 0 |
_aCatholic literature _xHistory and criticism. _997 |
|
| 900 | _bTOC | ||
| 942 |
_2lcc _cMONOGRAPH |
||
| 999 |
_c122376 _d122376 |
||